000 00674nam a2200205 i 4500
001 bg
245 0 _aZbiór zadań z drgań mechanicznych :
_bpraca zbiorowa /
_cpod red. Janusza Wawrzeckiego.
260 _aŁódź :
_bPŁ,
_c1992.
300 _a578 s. :
_brys., wykr. ;
_c21 cm.
490 1 _aSkrypty dla Szkół Wyższych / Politechnika Łódzka
504 _abIBLIOGR. S. 577-578.
700 1 _aWAWRZECKI, Janusz.
_eRed.
710 _aPOLITECHNIKA ŁÓDZKA (Łódź)
830 0 _aSkrypty dla Szkół Wyższych (Politechnika Łódzka)
040 _cBPK
041 _apol
080 _a621.01:534](075.8)
942 _cKS
008 s pl f |000 0 pol
999 _c6356
_d6356
856 _uhttp://koha.tu.koszalin.pl/cgi-bin/koha/opac-detail.pl?biblionumber=6356
_yKatalog online BPK